=LDR 00000nam 2200000 4500 =001 INLIS000000000033024 =005 20160120103743.0 =006 =007 =008 ind =035 ##$$0010-061300000033024 =041 ##$$a ind =082 ##$$a 320.6 =090 ##$$a 320.6, Agu d =100 ##$$a Agustino, Leo =245 ##$$a Dasar-dasar kebijakan publik, Leo Agustino =260 ##$$a 2008 $b Bandung =300 ##$$a x, 234 hlm, 24 cm =650 ##$$a Kebijakan Publik =850 ##$$a NBPNMAT =990 ##$$a 21195728/BPAP-NTB/2014 =990 ##$$a 0001/BPAP-NTB/20142014 =990 ##$$a 0359/BPAP-NTB/2016